Can you name all the rollercoasters in Hersheypark? - Statistics

General Stats
  • This quiz has been taken 39 times
  • The average score is 8 of 14
Answer Stats
Hint Answer % Correct
Intamin Skyrush
86%
B&M Candymonium
83%
RMC Wildcat's Revenge
79%
B&M Great Bear
72%
Intamin Storm Runner
72%
Intamin Fahrenheit
69%
GCI Lightning Racer
62%
Vekoma Jolly Rancher Remix
55%
Philadelphia Toboggan Coasters Comet
52%
Maurer AG Laff Trakk
45%
Schwarzkopf SooperDooperLooper
45%
Mack Rides Wild Mouse
41%
Zamperla Cocoa Cruiser
34%
Arrow Development Trailblazer
34%
No matching quizzes found
Score Distribution
Percent of People with Each Score
Percentile by Number Answered
Your Score History
You have not taken this quiz